000 01317nam a22002777i 4500
999 _c23333
_d23333
003 AR-CdUCM
008 250722b20172017 pe||||| |||| 00| 0 spa d
020 _a978-612-00-2800-1
040 _aMUNICIPALIDAD PROVINCIAL DEL CUSCO
_cBIBLIOTECA MUNICIPAL DEL CUSCO
041 _hspa
082 _a372.47 / P45
_bP45
100 _aPérez Candia, Elías - Angelino Soria, Gleny
_951270
245 _a¿Cómo lograr que los estudiantes produzcan y comprendan textos? :
_bProgresión de desempeños a demostrar y rúbricas /
260 _aSan Sebastián-Cusco :
_bAutor-Editor
_c2017
300 _a163 páginas. :
_bIlustraciones
_c24x17 cm.
500 _zpágina 163
505 _aLa educación y el desarrollo de capacidades -- Los indicadores, criterios y rubrica, ejes de la propuesta para desarrollar capacidades -- Requisitos mínimos para la producción de cualquier tipo de texto -- Producción de textos narrativos -- Producción de textos instructivos -- Textos descriptivos -- Comprensión de textos narrativos
650 _aTextos narrativos
_951271
650 _aGuiones
_935009
650 _aTextos descriptivos
_951272
650 _aTextos disfuncionales
_951273
650 _aTextos discontinuos
_951274
650 _aTextos informativos
_951275
942 _2ddc
_cLIBROS
945 _apbjr
_d22-07-20025